LDR 00802nam a2200205 4500 001 000000367694 003 CaOOAMICUS 005 20260511143333.0 008 260511s2019 it a 000 u ita r 040 $aSeMil$bita 245 10$a2: Dalla Marmolada allo Stelvio. 264 1$aRoma :$bGEDI Gruppo Editoriale,$c2019. 300 $a160 p. :$bill. ;$c24 cm 773 0 $aClub Alpino italiano$tMontagne incantate.$dRoma : GEDI Gruppo Editoriale, 2019-$g2$w()367693 850 $aSeMil 852 $aSeMil$W1$xVenegono$y1$m4Y IV 262$j271711$B258359$CSeMilBibl$Z2$F258359 $81 961 $aCaspani Maurizio - Lascito 996 $6245$a2: Dalla Marmolada allo Stelvio$9(OLS)http://semarc/title/459679 996 $6264$aRoma :$bGEDI Gruppo Editoriale$9(OLS)http://semarc/publisher/56872